| 000 | 01336nam a22003857a 4500 | ||
|---|---|---|---|
| 003 | CHAP | ||
| 005 | 20220329143438.0 | ||
| 008 | 090910s2005 mx a r 00010 spa d | ||
| 010 | _a96723 | ||
| 011 | _a97695 | ||
| 020 | _a9688961469 | ||
| 035 | _a108365 | ||
| 040 | _cCHAP | ||
| 082 | 0 | 4 |
_a636.089696 _bC33 |
| 100 | 1 |
_aCepeda Palacios, Ramón. _921317 |
|
| 245 | 1 | 3 |
_aEl gusano del cuerno de las cabras y las ovejas : _bbionomía del Oestrus ovis L. _c/por Ramón Cepeda Palacios |
| 260 |
_aLa Paz, B.C.S. : _bUniversidad Autónoma de Baja California Sur, _c2005 |
||
| 300 |
_a115 p. : _bilus., gráfs. |
||
| 490 | _aSerie didáctica | ||
| 590 |
_aBATCH-UPD _b10 _c20130110 _lUCH01 _h1227 |
||
| 590 |
_aBATCH-UPD _b10 _c20130410 _lUCH01 _h0759 |
||
| 590 |
_aBATCH-UPD _b10 _c20130914 _lUCH01 _h0340 |
||
| 590 |
_aCONVERSION _b10 _c20130109 _lUCH01 _h1353 |
||
| 650 | 1 | 4 |
_aAnimales domésticos _xParásitos. _95911 |
| 650 | 1 | 4 |
_aGanado cabrío _xParásitos. _945035 |
| 650 | 1 | 4 |
_aGanado lanar _xParásitos. _945208 |
| 650 | 1 | 4 |
_aGanado _xParásitos. _944939 |
| 650 | 1 | 4 |
_aInsectos _xLarvas. _958932 |
| 650 | 1 | 4 |
_aInsectos _xParásitos. _958938 |
| 650 | 1 | 4 |
_aOestrus ovis. _982775 |
| 830 | 0 |
_aSerie didáctica _9104799 |
|
| 901 | _aBK | ||
| 942 | _cLIBRO | ||
| 949 |
_a636.089696 C33 _bBC _cLIBRO _d33724002113264 _eLIBRO _h111346 _i108365 _sb |
||
| 999 |
_c96723 _d96723 |
||